Cargando...

Formulation and Optimization of a Fermentable media using Watermelon rind for the production of Pectinase

Detalles Bibliográficos
Autor Principal: Malavika. N. J.
Formato: Dissertation
Idioma:Undetermined
Publicado: 2015
Subjects:
LEADER 00669nam a2200157Ia 4500
008 160727s9999 xx 000 0 und d
082 |a 663.13  |2 23 
100 |a Malavika. N. J. 
245 |c Malavika. N. J.  |a Formulation and Optimization of a Fermentable media using Watermelon rind for the production of Pectinase 
260 |c 2015 
502 |a Dissertation ( M. Sc.), Department of Life Sciences, 2015 
653 |a Fermentation 
796 |a Denoj Sebastian  |e Thesis advisor. 
942 |c PD 
999 |c 124785  |d 124785 
952 |0 0  |1 0  |4 0  |6 663_130000000000000_MAL_F  |7 0  |9 138132  |a LIF  |b LIF  |c ST1  |d 2016-07-27  |i PM201501  |l 1  |o 663.13 MAL/F  |p LIFPM201501  |r 2016-11-25  |s 2016-11-25  |w 2016-07-27  |y PD